00518nam a22001337a 4500008004100000040005500041080002000096245015600116260003800272300001900310650001800329653001400347700002300361230601b |||||||| |||| 00| 0 eng d aNational Science LibrarycNational Science Library a620.91(042)bL9 aSolar energy conversion:c/ Selected lectures from the 5th course on solar energy conversion, Ontario, Canada 6-19 August 1979bAn introductory course  aToronto: bPergamon Press, c1981 axxvii, 1312p.  aSolar energy  aResearch  aJanzen, A F (Ed.)